01590cam a2200301 a 45000010005000000030006000050050017000110080041000280100017000690200015000860200018001010400023001190500024001420820016001661000021001822450080002032600040002833000047003233360026003703370028003963380027004245040049004515200631005006500043011316500013011746500022011876550079012098406FISKH20250910152831.0940324s1995 maua j b 000 0 eng  a 94014808  a0395708109 a9780395708101 aDLCcDLCdDLCbeng00aQL696.C42bM39 199500a598.3/32201 aMcMillan, Bruce.10aNights of the pufflings /cwritten and photo-illustrated by Bruce McMillan. aBoston :bHoughton Mifflin ,c1995. a32 pages : bcolor illustrations ; c26 cm atextbtxt2rdacontent aunmediatedbn2rdamedia avolumebnc2rdacarrier aIncludes bibliographical references (p. 32). aOn a tiny island off the coast of Iceland, Halla and her friends wait with anticipation. Every spring, millions of puffins, the clowns of the sea, return to nest, lay eggs, and raise their chicks to pufflings. That means Halla and her friends will be busy in August when the pufflings venture out at night to take their first flight. Then, all of the children stay out all night, too. During the nights of the pufflings they rescue thousands of stranded young birds, and in the daytime set themsafely free at the beach. In Nights of the Pufflings, Bruce McMillan captures the unique and endearing story of an island tradition. 0aPuffinszIcelandvJuvenile literature. 1aPuffins. 1aAnimalszIceland. 7aLiterature.2lcgft0https://id.loc.gov/authorities/genreForms/gf2014026415